header

Design and development of medical electronic instrumentation (Record no. 105659)

MARC details
000 -LEADER
fixed length control field 01295nam a22003014a 4500
082 04 - DEWEY DECIMAL CLASSIFICATION NUMBER
Classification number 681/.761
100 1# - MAIN ENTRY--AUTHOR NAME
Personal name Prutchi, David.
245 10 - TITLE STATEMENT
Title Design and development of medical electronic instrumentation
260 ## - PUBLICATION, DISTRIBUTION, ETC. (IMPRINT)
Place of publication Hoboken, N.J. :
Name of publisher Wiley-Interscience,
Year of publication c2005.
300 ## - PHYSICAL DESCRIPTION
Number of Pages xv, 461 p. :
Other physical details ill.
650 #0 - SUBJECT ADDED ENTRY--TOPICAL TERM
Topical Term Medical instruments and apparatus
700 1# - ADDED ENTRY--PERSONAL NAME
Personal name Norris, Michael.
856 40 - ELECTRONIC LOCATION AND ACCESS
Uniform Resource Identifier http://site.ebrary.com/lib/rucke/Doc?id=10114115

No items available.

© 2026 Rongo University
Contact us: librarian | system librarian | Rongo university